| 000 | 00719nam a2200241 a 4500 | ||
|---|---|---|---|
| 001 | BRCA_6906 | ||
| 005 | 20190320205633.0 | ||
| 008 | 161111s1948----u--a######---#000-0#eng-# | ||
| 041 | _aeng | ||
| 044 | _au | ||
| 050 | 4 |
_aF1215 _b.D63 1948 |
|
| 100 | 1 |
_aDodge, David _917199 |
|
| 245 | 1 | 0 |
_aHow lost was my weekend _ba greenhorn in Guatemala _cby David Dodge ; with illustrations by Irv Koons. |
| 260 |
_aNueva York _bRandom House _c1948 |
||
| 300 |
_a247 p. _bil. _c21 cm. |
||
| 500 | _aO96 | ||
| 650 | 1 | 4 |
_aViajeros estadounidenses _97583 |
| 651 | 4 |
_aMéxico _xDescripción y viajes _9103 |
|
| 651 | 4 |
_aGuatemala _xDescripción y viajes _9675 |
|
| 700 | 1 |
_aKoons, Irv _eil. _917200 |
|
| 902 | _aGFM | ||
| 942 |
_2lcc _cB |
||
| 999 |
_c6588 _d6588 |
||